[Event "Kuala Lumpur op 3rd"]
[Site "Kuala Lumpur"]
[Date "2006.08.23"]
[Round "5"]
[White "Hendra, Johan"]
[Black "Lim, Kian Hwa"]
[Result "0-1"]
[WhiteElo "2202"]
[BlackElo "2001"]
[PlyCount "112"]
[EventDate "2006.08.21"]
[EventType "swiss"]
[EventRounds "11"]
[EventCountry "MAS"]
[SourceTitle "CBM 114 Extra"]
[Source "ChessBase"]
[SourceDate "2006.11.03"]
[SourceVersion "1"]
[SourceVersionDate "2006.11.03"]
[SourceQuality "1"]

1. d4 d5 2. c4 e6 3. Nc3 Nf6 4. Nf3 Nbd7 5. Bg5 Be7 6. e3 c6 7. Bd3 0-0 8. 0-0 dxc4 9. Bxc4 Nd5 10. Bxe7 Qxe7 11. Rc1 Nxc3 12. Rxc3 e5 13. Nxe5 Nxe5 14. dxe5 Qxe5 15. Qd2 Bf5 16. Rd1 h6 17. f3 Rfe8 18. e4 Be6 19. Bxe6 Rxe6 20. Rd3 Rae8 21. Qb4 b6 22. Rd7 R6e7 23. Qa3 a5 24. Rxe7 Rxe7 25. Qd6 Qxd6 26. Rxd6 Re6 27. Rd8+ Kh7 28. Kf2 Kg6 29. g4 Kf6 30. Rb8 c5 31. Ke3 g5 32. f4 gxf4+ 33. Kxf4 Rc6 34. h4 c4 35. e5+ Ke6 36. Rh8 Ke7 37. Kf5 b5 38. g5 hxg5 39. Kxg5 b4 40. Rb8 c3 41. bxc3 bxc3 42. Rb1 Ke6 43. h5 Kxe5 44. h6 Kd4 45. h7 Rc8 46. Rb7 c2 47. Rc7 f6+ 48. Kf5 Rxc7 49. h8Q Rc5+ 50. Kxf6 c1Q 51. Ke6+ Kd3 52. Qh7+ Ke2 53. Qh2+ Kd3 54. Qh7+ Kc4 55. Qe4+ Kc3 56. Qf3+ Kb2 0-1